Guess the random Taylor Swift Song Lyrics 123 - Statistics

General Stats
  • This quiz has been taken 19 times
  • The average score is 131 of 247
Answer Stats
Answer % Correct
a
100%
i
100%
I
100%
be
94%
he
94%
love
94%
the
94%
The
94%
who
94%
And
88%
and
88%
go
88%
no
88%
on
88%
to
88%
you
88%
You
88%
your
88%
you're
88%
You're
88%
in
82%
don't
76%
it
76%
one
76%
it's
71%
It's
71%
not
71%
That
71%
that
71%
all
65%
But
65%
but
65%
Is
65%
like
65%
only
65%
see
65%
will
65%
know
59%
at
53%
was
53%
'cause
47%
'Cause
47%
his
47%
with
47%
With
47%
out
41%
up
41%
face
35%
here
35%
might
35%
Oh
35%
oh
35%
wanted
35%
into
29%
looking
29%
tell
29%
that's
29%
together
29%
end
24%
knows
24%
smile
24%
thinking
24%
true
24%
around
18%
away
18%
back
18%
baby
12%
change
12%
cry
12%
doesn't
12%
guess
12%
Hold
12%
losing
12%
mirror
12%
rain
12%
tied
12%
anyone
6%
beauty
6%
coming
6%
extra
6%
givin'
6%
golden
6%
Goodbye
6%
high
6%
Hoping
6%
jumping
6%
leaves
6%
letting
6%
pay
6%
penny
6%
pocket
6%
pretty
6%
price
6%
Seems
6%
undone
6%
walk
6%
water's
6%
No matching quizzes found
Score Distribution
Percent of People with Each Score
Percentile by Number Answered
Your Score History
You have not taken this quiz